|
|
|
|
| LEADER |
00975nam a22002297a 4500 |
| 001 |
30651 |
| 003 |
BD-DhAAL |
| 005 |
20241124123321.0 |
| 008 |
160121s2002 bg ||||| |||| 00| 0 ben d |
| 040 |
|
|
|a BD-DhAAL
|c BD-DhAAL
|
| 082 |
|
|
|2 22
|a 307.1412095492
|
| 245 |
|
|
|a ব্র্যাক শিক্ষা কর্মসূচি :
|g কার্যপত্র জানুয়ারি, ২০০২.
|f
|
| 260 |
|
|
|a ঢাকা :
|b ব্র্যাক,
|c ২০০২.
|
| 300 |
|
|
|a ১২ পৃষ্টা :
|b ৩০ সে. মি.
|
| 541 |
|
|
|a Complimentary copy from BRAC
|e 30651
|
| 610 |
|
|
|a BRAC
|9 17490
|
| 650 |
|
|
|a Rural development
|z Bangladesh.
|9 17491
|
| 710 |
|
|
|a ব্র্যাক
|9 17492
|
| 852 |
|
|
|a Ayesha Abed Library
|c BRAC Resource Section
|
| 942 |
|
|
|2 ddc
|c BK
|
| 999 |
|
|
|c 36656
|d 36656
|
| 952 |
|
|
|0 0
|1 0
|2 ddc
|4 0
|6 307_141209549200000_BRA
|7 0
|9 57662
|a BRACUL
|b BRACUL
|c BRS
|d 2016-01-21
|e BRAC
|l 0
|o 307.1412095492 BRA
|p 3010030651
|r 2016-01-21
|t 1
|w 2016-01-21
|y BK
|